[Event "RUS Cup tt"]
[Site "Sochi"]
[Date "2023.12.02"]
[Round "6.19"]
[White "Pogorelov, Boris"]
[Black "Komissarov, Alexey"]
[Result "1-0"]
[WhiteElo "1520"]
[BlackElo "1986"]
[PlyCount "109"]
[EventDate "2023.11.27"]
[EventType "team-swiss"]
[EventRounds "7"]
[EventCountry "RUS"]
[SourceTitle "CB49_2023"]
[SourceDate "2023.12.06"]
[SourceVersion "1"]
[SourceVersionDate "2023.12.06"]
[SourceQuality "1"]
[WhiteTeam "Sbornaya LNR"]
[BlackTeam "Vserossiyskoe slepykh"]
[WhiteTeamCountry "RUS"]
[BlackTeamCountry "RUS"]

1. e4 e5 2. Nf3 Nc6 3. Bb5 a6 4. Ba4 Nf6 5. 0-0 Bc5 6. c3 Ba7 7. d4 0-0 8. Re1 b5 9. Bc2 exd4 10. cxd4 d5 11. e5 Ne4 12. Nc3 Bg4 13. Nxe4 dxe4 14. Bxe4 Nxd4 15. Be3 Rc8 16. h3 Bxf3 17. Bxf3 Nxf3+ 18. Qxf3 Bxe3 19. Qxe3 c5 20. Red1 Qc7 21. Rd6 Rfe8 22. Rad1 h6 23. e6 Rxe6 24. Rxe6 fxe6 25. Qxe6+ Kh8 26. Qxa6 b4 27. a3 bxa3 28. Qxa3 Qf4 29. Qc3 Rb8 30. Rd5 Ra8 31. b3 Qe4 32. Rxc5 Qb1+ 33. Kh2 Ra2 34. Rc7 Qg6 35. Qg3 Qf6 36. Rc8+ Kh7 37. Qd3+ g6 38. Qd7+ Qg7 39. Rc7 Qxd7 40. Rxd7+ Kg8 41. Kg3 Rb2 42. Rb7 Kf8 43. f4 Kg8 44. Kf3 Kf8 45. g3 Kg8 46. Kg4 Rf2 47. h4 Kf8 48. h5 gxh5+ 49. Kxh5 Rh2+ 50. Kg6 Rg2 51. Kxh6 Rxg3 52. b4 Rg1 53. b5 Rg2 54. b6 Rg1 55. Rc7 1-0

[Event "RUS Cup tt"]
[Site "Sochi"]
[Date "2023.11.27"]
[Round "1.19"]
[White "Rodin, Mihail"]
[Black "Komissarov, Alexey"]
[Result "1-0"]
[WhiteElo "2318"]
[BlackElo "1986"]
[PlyCount "73"]
[EventDate "2023.11.27"]
[EventType "team-swiss"]
[EventRounds "7"]
[EventCountry "RUS"]
[SourceTitle "CB49_2023"]
[SourceDate "2023.12.06"]
[SourceVersion "1"]
[SourceVersionDate "2023.12.06"]
[SourceQuality "1"]
[WhiteTeam "Russia Veterans"]
[BlackTeam "Vserossiyskoe slepykh"]
[WhiteTeamCountry "RUS"]
[BlackTeamCountry "RUS"]

1. e4 e5 2. Nf3 Nc6 3. Nc3 Nf6 4. d4 exd4 5. Nxd4 Bc5 6. Be3 Bb6 7. Qd2 0-0 8. 0-0-0 Re8 9. f3 d5 10. exd5 Nxd5 11. Bg5 f6 12. Bc4 Nxd4 13. Nxd5 Be6 14. Bxf6 gxf6 15. Nxb6 axb6 16. Qxd4 Qxd4 17. Bxe6+ Rxe6 18. Rxd4 Rxa2 19. Kb1 Ra5 20. Rd7 Rc5 21. Rhd1 Re2 22. c3 b5 23. R1d4 Rxg2 24. Re7 Kf8 25. Rxh7 Kg8 26. Rdd7 Re5 27. Rhe7 Rxe7 28. Rxe7 c6 29. Rxb7 Rxh2 30. Rc7 Rf2 31. Rxc6 Rxf3 32. Rc5 b4 33. cxb4 Kf7 34. b5 Ke6 35. Kc2 Kd6 36. b6 Rh3 37. b7 1-0

[Event "Titled Tuesday intern op 15th Feb Late"]
[Site "Chess.com INT"]
[Date "2022.02.15"]
[Round "10"]
[White "Komissarov, Alexey"]
[Black "Antova, Gabriela"]
[Result "0-1"]
[WhiteElo "2087"]
[BlackElo "2304"]
[PlyCount "58"]
[EventDate "2022.02.15"]
[EventType "swiss (blitz)"]
[EventRounds "11"]
[EventCountry "USA"]
[SourceTitle "CBM 206 Extra"]
[Source "ChessBase"]
[SourceDate "2022.03.31"]
[SourceVersion "1"]
[SourceVersionDate "2022.03.31"]
[SourceQuality "1"]

1. e4 c5 2. d4 cxd4 3. c3 Nf6 4. e5 Nd5 5. Nf3 Nc6 6. Bc4 Nb6 7. Bb3 d5 8. exd6 Qxd6 9. 0-0 Be6 10. Bxe6 Qxe6 11. Re1 Qd7 12. cxd4 e6 13. Nc3 Be7 14. Ne4 Rd8 15. Be3 0-0 16. Nc5 Qc8 17. Qb3 Bxc5 18. dxc5 Nd5 19. Rad1 Rd7 20. Bc1 h6 21. Qc4 Rfd8 22. Qh4 Nce7 23. Ne5 Rc7 24. Qh5 Nf6 25. Qxf7+ Kh7 26. Rxd8 Qxd8 27. Qxe6 Ned5 28. Qf5+ Kg8 29. Ng6 Qc8 0-1

[Event "Titled Tuesday intern op 15th Feb Late"]
[Site "Chess.com INT"]
[Date "2022.02.15"]
[Round "7"]
[White "Komissarov, Alexey"]
[Black "De Arruda, Leandro Formes"]
[Result "1-0"]
[WhiteElo "2087"]
[BlackElo "2038"]
[PlyCount "45"]
[EventDate "2022.02.15"]
[EventType "swiss (blitz)"]
[EventRounds "11"]
[EventCountry "USA"]
[SourceTitle "CBM 206 Extra"]
[Source "ChessBase"]
[SourceDate "2022.03.31"]
[SourceVersion "1"]
[SourceVersionDate "2022.03.31"]
[SourceQuality "1"]

1. e4 e6 2. d4 d5 3. Nc3 dxe4 4. Nxe4 Nd7 5. Nf3 Ngf6 6. Nxf6+ Nxf6 7. Ne5 Be7 8. Bd3 0-0 9. 0-0 c5 10. dxc5 Bxc5 11. Bg5 Bd4 12. Bxf6 Qxf6 13. Bxh7+ Kxh7 14. Qxd4 g6 15. Rad1 Qf5 16. Rd3 f6 17. Rh3+ Kg7 18. Qh4 Qh5 19. Qf4 fxe5 20. Qe3 Qf5 21. Qh6+ Kf6 22. Qxf8+ Kg5 23. Qe7+ 1-0

[Event "Titled Tuesday intern op 15th Feb Late"]
[Site "Chess.com INT"]
[Date "2022.02.15"]
[Round "11"]
[White "Novikova, Galina"]
[Black "Komissarov, Alexey"]
[Result "0-1"]
[WhiteElo "2073"]
[BlackElo "2087"]
[PlyCount "22"]
[EventDate "2022.02.15"]
[EventType "swiss (blitz)"]
[EventRounds "11"]
[EventCountry "USA"]
[SourceTitle "CBM 206 Extra"]
[Source "ChessBase"]
[SourceDate "2022.03.31"]
[SourceVersion "1"]
[SourceVersionDate "2022.03.31"]
[SourceQuality "1"]

1. e4 e5 2. Nf3 Nc6 3. d4 exd4 4. Nxd4 d5 5. exd5 Qxd5 6. Be3 Nf6 7. a3 Bg4 8. Qd3 Nxd4 9. Bxd4 0-0-0 10. Nc3 Qxd4 11. Qb5 Bc5 0-1

[Event "Titled Tuesday intern op 15th Feb Late"]
[Site "Chess.com INT"]
[Date "2022.02.15"]
[Round "9"]
[White "Urbina Quiroz, Edwin"]
[Black "Komissarov, Alexey"]
[Result "0-1"]
[WhiteElo "2123"]
[BlackElo "2087"]
[PlyCount "50"]
[EventDate "2022.02.15"]
[EventType "swiss (blitz)"]
[EventRounds "11"]
[EventCountry "USA"]
[SourceTitle "CBM 206 Extra"]
[Source "ChessBase"]
[SourceDate "2022.03.31"]
[SourceVersion "1"]
[SourceVersionDate "2022.03.31"]
[SourceQuality "1"]

1. e4 e5 2. Nf3 Nc6 3. c3 d5 4. Qa4 Nf6 5. Nxe5 Bd6 6. Nxc6 bxc6 7. exd5 0-0 8. d4 Re8+ 9. Be2 Qe7 10. Qc2 Bg4 11. f3 Bh5 12. dxc6 Bg6 13. Qd1 Nd5 14. Kf2 Ne3 15. Qe1 Nc2 16. Qd1 Nxa1 17. Bd3 Bxd3 18. Qxd3 Bxh2 19. Bf4 Qh4+ 20. g3 Bxg3+ 21. Kg2 Qxf4 22. Qxh7+ Kf8 23. Rh5 Re2+ 24. Kf1 Rf2+ 25. Kg1 Qc1# 0-1

[Event "Titled Tuesday intern op 15th Feb Early"]
[Site "Chess.com INT"]
[Date "2022.02.15"]
[Round "8"]
[White "Von Buelow, Georg"]
[Black "Komissarov, Alexey"]
[Result "0-1"]
[WhiteElo "2361"]
[BlackElo "2087"]
[PlyCount "30"]
[EventDate "2022.02.15"]
[EventType "swiss (blitz)"]
[EventRounds "11"]
[EventCountry "USA"]
[SourceTitle "CBM 206 Extra"]
[Source "ChessBase"]
[SourceDate "2022.03.31"]
[SourceVersion "1"]
[SourceVersionDate "2022.03.31"]
[SourceQuality "1"]

1. e4 e5 2. Nf3 Nc6 3. Nc3 Nf6 4. d4 exd4 5. Nxd4 Bc5 6. Be3 Bb6 7. Qd2 0-0 8. f3 d5 9. exd5 Nxd5 10. Nxd5 Qxd5 11. Nxc6 Qxc6 12. 0-0-0 Bf5 13. Bd3 Rfd8 14. Bxb6 Rxd3 15. Qxd3 Bxd3 0-1

[Event "Titled Tuesday intern op 08th Feb Early"]
[Site "Chess.com INT"]
[Date "2022.02.08"]
[Round "6"]
[White "Delorme, Alban"]
[Black "Komissarov, Alexey"]
[Result "1-0"]
[WhiteElo "2285"]
[BlackElo "2087"]
[PlyCount "53"]
[EventDate "2022.02.08"]
[EventType "swiss (blitz)"]
[EventRounds "11"]
[EventCountry "USA"]
[SourceTitle "CBM 206 Extra"]
[Source "ChessBase"]
[SourceDate "2022.03.31"]
[SourceVersion "1"]
[SourceVersionDate "2022.03.31"]
[SourceQuality "1"]

1. e4 e5 2. Nf3 Nc6 3. Bc4 Nf6 4. d4 exd4 5. e5 d5 6. Bb5 Ne4 7. Nxd4 Bc5 8. Be3 Bd7 9. Bxc6 bxc6 10. 0-0 Qe7 11. f3 Nd6 12. Re1 Nc4 13. Bf2 Nxb2 14. Qc1 Nc4 15. Nc3 0-0 16. Na4 Ba3 17. Qf4 c5 18. Bh4 Qe8 19. Bf6 gxf6 20. exf6 Kh8 21. Rxe8 Raxe8 22. Nf5 Bxa4 23. Ne7 Bb2 24. Re1 Bd4+ 25. Kh1 Rg8 26. h4 Bxc2 27. Qh6 1-0

[Event "Titled Tuesday intern op 08th Feb Early"]
[Site "Chess.com INT"]
[Date "2022.02.08"]
[Round "3"]
[White "Komissarov, Alexey"]
[Black "Mirzanurov, Bulat"]
[Result "0-1"]
[WhiteElo "2087"]
[BlackElo "2199"]
[PlyCount "50"]
[EventDate "2022.02.08"]
[EventType "swiss (blitz)"]
[EventRounds "11"]
[EventCountry "USA"]
[SourceTitle "CBM 206 Extra"]
[Source "ChessBase"]
[SourceDate "2022.03.31"]
[SourceVersion "1"]
[SourceVersionDate "2022.03.31"]
[SourceQuality "1"]

1. e4 c5 2. a3 d6 3. b4 Nf6 4. Nc3 e5 5. Bc4 a6 6. d3 b5 7. Bb3 Bb7 8. f4 Nbd7 9. Nf3 Qc7 10. Ng5 c4 11. dxc4 bxc4 12. Ba4 h6 13. Nf3 Nxe4 14. Nxe4 Bxe4 15. fxe5 dxe5 16. 0-0 Bd6 17. Qe2 Bxf3 18. Qxf3 0-0 19. Qg4 Rad8 20. Bxh6 g6 21. Bxf8 Nxf8 22. Rad1 Qb6+ 23. Kh1 Qc7 24. Qe4 Kg7 25. Qc6 Qe7 0-1

[Event "Titled Tuesday intern op 01st Feb-A"]
[Site "Chess.com INT"]
[Date "2022.02.01"]
[Round "10"]
[White "Magallanes, Rey Jomar"]
[Black "Komissarov, Alexey"]
[Result "0-1"]
[WhiteElo "2049"]
[BlackElo "2087"]
[PlyCount "56"]
[EventDate "2022.02.01"]
[EventType "swiss (blitz)"]
[EventRounds "11"]
[EventCountry "USA"]
[SourceTitle "CBM 206 Extra"]
[Source "ChessBase"]
[SourceDate "2022.03.31"]
[SourceVersion "1"]
[SourceVersionDate "2022.03.31"]
[SourceQuality "1"]

1. e4 e5 2. Nf3 Nc6 3. Bc4 Nf6 4. d4 exd4 5. e5 d5 6. Bb5 Ne4 7. Nxd4 Bc5 8. c3 0-0 9. Bxc6 bxc6 10. 0-0 f6 11. Nxc6 Qd7 12. Nb4 fxe5 13. Be3 Bxe3 14. fxe3 Rxf1+ 15. Qxf1 a5 16. Nd3 Ba6 17. Na3 Rf8 18. Qe2 Rf2 19. Nxe5 Qe6 20. Qh5 g6 21. Qh4 Qxe5 22. Qd8+ Rf8 23. Qd7 Qg5 24. Rd1 Qxe3+ 25. Kh1 Nf2+ 26. Kg1 Nh3+ 27. Kh1 Qg1+ 28. Rxg1 Nf2# 0-1

[Event "Titled Tuesday intern op 25th Jan"]
[Site "Chess.com INT"]
[Date "2022.01.25"]
[Round "1"]
[White "Seemann, Jakub"]
[Black "Komissarov, Alexey"]
[Result "1-0"]
[WhiteElo "2324"]
[BlackElo "2087"]
[PlyCount "63"]
[EventDate "2022.01.25"]
[EventType "swiss (blitz)"]
[EventRounds "11"]
[EventCountry "USA"]
[SourceTitle "CBM 206 Extra"]
[Source "ChessBase"]
[SourceDate "2022.03.31"]
[SourceVersion "1"]
[SourceVersionDate "2022.03.31"]
[SourceQuality "1"]

1. g3 Nf6 2. Bg2 g6 3. d4 Bg7 4. c4 0-0 5. Nc3 Nc6 6. e3 Rb8 7. Nge2 a6 8. a4 a5 9. 0-0 Nb4 10. d5 c6 11. Nd4 e5 12. Nb3 cxd5 13. cxd5 d6 14. e4 Ne8 15. Be3 f5 16. f3 f4 17. Bf2 g5 18. g4 h5 19. h3 Nf6 20. Re1 hxg4 21. hxg4 Qe7 22. Rc1 Qf7 23. Bf1 b6 24. Bb5 Kh7 25. Nd2 Rh8 26. Kg2 Kg8 27. Rh1 Rxh1 28. Qxh1 Bxg4 29. fxg4 f3+ 30. Nxf3 Nxe4 31. Nxe4 Qxf3+ 32. Kxf3 1-0

[Event "Titled Tuesday intern op 25th Jan"]
[Site "Chess.com INT"]
[Date "2022.01.25"]
[Round "2"]
[White "Shvedova, Alexandra"]
[Black "Komissarov, Alexey"]
[Result "1-0"]
[WhiteElo "2065"]
[BlackElo "2087"]
[PlyCount "75"]
[EventDate "2022.01.25"]
[EventType "swiss (blitz)"]
[EventRounds "11"]
[EventCountry "USA"]
[SourceTitle "CBM 206 Extra"]
[Source "ChessBase"]
[SourceDate "2022.03.31"]
[SourceVersion "1"]
[SourceVersionDate "2022.03.31"]
[SourceQuality "1"]

1. e4 e5 2. Nf3 Nc6 3. Bc4 Nf6 4. d3 d5 5. exd5 Nxd5 6. 0-0 Bc5 7. a4 Nf6 8. c3 e4 9. d4 exf3 10. dxc5 fxg2 11. Re1+ Be6 12. Qxd8+ Nxd8 13. Bxe6 Nxe6 14. Kxg2 0-0-0 15. Be3 Rhe8 16. Na3 Nd5 17. c6 Nxe3+ 18. Rxe3 bxc6 19. Nc4 Nf4+ 20. Kf3 Rxe3+ 21. fxe3 Nd3 22. b4 c5 23. b5 c6 24. Ke2 Rd5 25. Rd1 cxb5 26. axb5 Rh5 27. Kxd3 Rxh2 28. Nd6+ Kd7 29. Nxf7 h5 30. Kc4+ Ke6 31. Nd8+ Ke5 32. Kxc5 h4 33. Nf7+ Ke4 34. Kd6 Kxe3 35. c4 h3 36. Ng5 Kf4 37. Nxh3+ Rxh3 38. c5 1-0

[Event "Titled Tuesday intern op 07th Dec"]
[Site "Chess.com INT"]
[Date "2021.12.07"]
[Round "7"]
[White "Gheorghiu, Calin"]
[Black "Komissarov, Alexey"]
[Result "1-0"]
[WhiteElo "2286"]
[BlackElo "2087"]
[PlyCount "39"]
[EventDate "2021.12.07"]
[EventType "swiss (blitz)"]
[EventRounds "11"]
[EventCountry "USA"]
[SourceTitle "CBM 205 Extra"]
[Source "ChessBase"]
[SourceDate "2022.01.31"]
[SourceVersion "1"]
[SourceVersionDate "2022.01.31"]
[SourceQuality "1"]

1. d4 d5 2. Bf4 Nf6 3. e3 Bf5 4. c4 Nc6 5. Nc3 e6 6. Rc1 Bb4 7. Nf3 Ne4 8. Be2 Nxc3 9. bxc3 Ba3 10. Rb1 Bxb1 11. Qxb1 Bd6 12. Bg5 Qd7 13. 0-0 Rb8 14. cxd5 exd5 15. c4 dxc4 16. Qe4+ Be7 17. Bxc4 0-0 18. d5 Bxg5 19. Nxg5 f5 20. dxc6+ 1-0

[Event "Titled Tuesday intern op 07th Dec"]
[Site "Chess.com INT"]
[Date "2021.12.07"]
[Round "8"]
[White "Komissarov, Alexey"]
[Black "Berezin, Viktor1111"]
[Result "0-1"]
[WhiteElo "2087"]
[BlackElo "2307"]
[PlyCount "46"]
[EventDate "2021.12.07"]
[EventType "swiss (blitz)"]
[EventRounds "11"]
[EventCountry "USA"]
[SourceTitle "CBM 205 Extra"]
[Source "ChessBase"]
[SourceDate "2022.01.31"]
[SourceVersion "1"]
[SourceVersionDate "2022.01.31"]
[SourceQuality "1"]

1. e4 d5 2. exd5 Nf6 3. Nf3 Bg4 4. c4 c6 5. dxc6 Nxc6 6. d4 Bxf3 7. Qxf3 Qxd4 8. Nc3 e5 9. Be3 Qd8 10. Rd1 Qa5 11. c5 Bxc5 12. Bb5 Bxe3 13. Bxc6+ Ke7 14. Bxb7 Rab8 15. fxe3 Qb4 16. 0-0 Qxb7 17. Nd5+ Kf8 18. Nxf6 gxf6 19. Qxf6 Rg8 20. Rd8+ Rxd8 21. Qxd8+ Kg7 22. Qf6+ Kf8 23. Qd6+ Qe7 0-1

[Event "Titled Tuesday intern op 16th Nov"]
[Site "Chess.com INT"]
[Date "2021.11.16"]
[Round "8"]
[White "Hasman, Cengiz"]
[Black "Komissarov, Alexey"]
[Result "1-0"]
[WhiteElo "2101"]
[BlackElo "2087"]
[PlyCount "57"]
[EventDate "2021.11.16"]
[EventType "swiss (blitz)"]
[EventRounds "11"]
[EventCountry "USA"]
[SourceTitle "CBM 205 Extra"]
[Source "ChessBase"]
[SourceDate "2022.01.31"]
[SourceVersion "1"]
[SourceVersionDate "2022.01.31"]
[SourceQuality "1"]

1. d4 d5 2. c4 e6 3. Nc3 c5 4. cxd5 cxd4 5. Qa4+ Bd7 6. Qxd4 exd5 7. Qxd5 Nc6 8. Nf3 Nf6 9. Qb3 Bc5 10. e3 Qe7 11. Be2 0-0 12. 0-0 Be6 13. Qa4 a6 14. a3 Rfd8 15. b4 b5 16. Qc2 Bd6 17. Bb2 Ne5 18. Nxe5 Bxe5 19. Rfd1 Rdc8 20. Bf3 Rab8 21. Qd2 Qc7 22. Rac1 Bxh2+ 23. Kh1 Rd8 24. Nd5 Nxd5 25. Rxc7 Bxc7 26. Bxd5 Rxd5 27. Qc2 Rxd1+ 28. Qxd1 Rd8 29. Bd4 1-0

[Event "Titled Tuesday intern op 16th Nov"]
[Site "Chess.com INT"]
[Date "2021.11.16"]
[Round "4"]
[White "Komissarov, Alexey"]
[Black "Nasyrova, Ekaterina"]
[Result "0-1"]
[WhiteElo "2087"]
[BlackElo "2091"]
[PlyCount "68"]
[EventDate "2021.11.16"]
[EventType "swiss (blitz)"]
[EventRounds "11"]
[EventCountry "USA"]
[SourceTitle "CBM 205 Extra"]
[Source "ChessBase"]
[SourceDate "2022.01.31"]
[SourceVersion "1"]
[SourceVersionDate "2022.01.31"]
[SourceQuality "1"]

1. d4 d5 2. Nf3 Nf6 3. e3 Bf5 4. c4 e6 5. Nc3 Be7 6. Qb3 Nc6 7. cxd5 exd5 8. Qxb7 Nb4 9. Bb5+ Kf8 10. 0-0 a6 11. Be2 Rb8 12. Qa7 Rb6 13. Ne5 Bd6 14. Na4 Rb8 15. Bd2 Qe8 16. Nc5 Bxe5 17. dxe5 Nc6 18. Qxc7 Nxe5 19. Qd6+ Kg8 20. Bc3 Ned7 21. Nxd7 Nxd7 22. Qxd5 Be6 23. Qd4 f6 24. Bc4 Kf7 25. Rad1 Ne5 26. Qa7+ Kg6 27. Bxe6 Qxe6 28. Bxe5 Qxe5 29. Rd4 h5 30. Qxa6 Rxb2 31. Qd3+ Kh6 32. Rd5 Qe6 33. Qd4 Rhb8 34. Qf4+ g5 0-1

[Event "Titled Tuesday intern op 16th Nov"]
[Site "Chess.com INT"]
[Date "2021.11.16"]
[Round "3"]
[White "Komissarov, Alexey"]
[Black "Omariev, Maksim"]
[Result "0-1"]
[WhiteElo "2087"]
[BlackElo "2304"]
[PlyCount "46"]
[EventDate "2021.11.16"]
[EventType "swiss (blitz)"]
[EventRounds "11"]
[EventCountry "USA"]
[SourceTitle "CBM 205 Extra"]
[Source "ChessBase"]
[SourceDate "2022.01.31"]
[SourceVersion "1"]
[SourceVersionDate "2022.01.31"]
[SourceQuality "1"]

1. d4 h6 2. e4 g5 3. Bd3 Bg7 4. c3 d6 5. Ne2 Nc6 6. Ng3 Nf6 7. f4 gxf4 8. Bxf4 e5 9. dxe5 dxe5 10. Be3 Bg4 11. Qd2 Qd7 12. h3 Be6 13. Na3 0-0-0 14. Bc4 Qxd2+ 15. Bxd2 h5 16. Bg5 h4 17. Bxf6 Bxf6 18. Ne2 Bxc4 19. Nxc4 Bg5 20. a4 b6 21. Rd1 a6 22. Rxd8+ Rxd8 23. Nd2 Rxd2 0-1

[Event "Titled Tuesday intern op 16th Nov"]
[Site "Chess.com INT"]
[Date "2021.11.16"]
[Round "10"]
[White "Komissarov, Alexey"]
[Black "Popadic, Dragan"]
[Result "0-1"]
[WhiteElo "2087"]
[BlackElo "2143"]
[PlyCount "48"]
[EventDate "2021.11.16"]
[EventType "swiss (blitz)"]
[EventRounds "11"]
[EventCountry "USA"]
[SourceTitle "CBM 205 Extra"]
[Source "ChessBase"]
[SourceDate "2022.01.31"]
[SourceVersion "1"]
[SourceVersionDate "2022.01.31"]
[SourceQuality "1"]

1. e4 c5 2. a3 e6 3. b4 cxb4 4. axb4 Bxb4 5. Bb2 Nf6 6. e5 Nd5 7. c4 Nb6 8. Ra3 Bxa3 9. Bxa3 Nc6 10. Bd6 Ne7 11. Bd3 0-0 12. Nc3 g6 13. h4 Nf5 14. Bxf5 exf5 15. c5 Re8 16. cxb6 Qxb6 17. Nd5 Qxd6 18. Ne3 Qxe5 19. Nf3 Qe7 20. Qa4 b5 21. Qf4 Bb7 22. Nd4 Qe4 23. Qxe4 Rxe4 24. Nxb5 f4 0-1

[Event "Titled Tuesday intern op 16th Nov"]
[Site "Chess.com INT"]
[Date "2021.11.16"]
[Round "9"]
[White "Komissarov, Alexey"]
[Black "Sarkar, Justin"]
[Result "1-0"]
[WhiteElo "2087"]
[BlackElo "2321"]
[PlyCount "33"]
[EventDate "2021.11.16"]
[EventType "swiss (blitz)"]
[EventRounds "11"]
[EventCountry "USA"]
[SourceTitle "CBM 205 Extra"]
[Source "ChessBase"]
[SourceDate "2022.01.31"]
[SourceVersion "1"]
[SourceVersionDate "2022.01.31"]
[SourceQuality "1"]

1. e4 c5 2. a3 Nc6 3. b4 cxb4 4. axb4 Nxb4 5. d4 d5 6. c3 Nc6 7. exd5 Qxd5 8. Na3 Nf6 9. Nb5 Qd8 10. d5 Ne5 11. Bf4 Nfd7 12. Nf3 f6 13. Nfd4 Nb6 14. Bxe5 Nxd5 15. Bg3 e5 16. Bc4 exd4 17. Bxd5 1-0

[Event "Moscow op-A 17th"]
[Site "Moscow"]
[Date "2021.02.26"]
[Round "7"]
[White "Komissarov, Alexey"]
[Black "Smirnov, Timofey"]
[Result "1/2-1/2"]
[WhiteElo "2127"]
[BlackElo "2414"]
[PlyCount "60"]
[EventDate "2021.02.20"]
[EventType "swiss"]
[EventRounds "9"]
[EventCountry "RUS"]
[SourceTitle "CBM 200 Extra"]
[Source "ChessBase"]
[SourceDate "2021.03.31"]
[SourceVersion "1"]
[SourceVersionDate "2021.03.31"]
[SourceQuality "1"]

1. d4 d5 2. Nf3 Nf6 3. e3 c5 4. Nbd2 Nc6 5. c3 e6 6. Bd3 Be7 7. 0-0 0-0 8. dxc5 Bxc5 9. b4 Bd6 10. Bb2 a5 11. b5 Ne5 12. Nxe5 Bxe5 13. f4 Bc7 14. c4 Bb6 15. Qe2 d4 16. c5 Bxc5 17. Nb3 b6 18. Nxc5 bxc5 19. Rac1 Qd6 20. exd4 cxd4 21. Rc4 Bd7 22. Bxd4 Bxb5 23. Bxf6 gxf6 24. Bxh7+ Kxh7 25. Qh5+ Kg7 26. Qg4+ Kh7 27. Qh5+ Kg7 28. Qg4+ Kh7 29. Qh5+ Kg7 30. Qg4+ Kh7 1/2-1/2

[Event "Titled Tuesday intern op 3rd March"]
[Site "Chess.com INT"]
[Date "2020.03.03"]
[Round "6"]
[White "Komissarov, Alexey"]
[Black "Crispin Ferreras, Darvi Abraham"]
[Result "0-1"]
[WhiteElo "2143"]
[BlackElo "2168"]
[PlyCount "48"]
[EventDate "2020.03.03"]
[EventType "swiss (blitz)"]
[EventRounds "10"]
[EventCountry "USA"]
[SourceTitle "EXT 2021"]
[Source "ChessBase"]
[SourceDate "2020.10.23"]
[SourceVersion "1"]
[SourceVersionDate "2020.10.23"]
[SourceQuality "1"]

1. d4 Nf6 2. Nf3 e6 3. e3 b6 4. Nbd2 Bb7 5. Bd3 Be7 6. 0-0 d5 7. Ne5 0-0 8. f4 c5 9. Qf3 Nbd7 10. g4 Nxe5 11. fxe5 Ne4 12. Nxe4 dxe4 13. Bxe4 Bxe4 14. Qxe4 cxd4 15. exd4 f5 16. exf6 Bxf6 17. Qxe6+ Kh8 18. c3 Bxd4+ 19. cxd4 Qxd4+ 20. Qe3 Qxg4+ 21. Qg3 Rxf1+ 22. Kxf1 Rf8+ 23. Kg1 Qd1+ 24. Kg2 Qf1# 0-1

[Event "Titled Tuesday intern op 3rd March"]
[Site "Chess.com INT"]
[Date "2020.03.03"]
[Round "1"]
[White "Komissarov, Alexey"]
[Black "Hernandez, William"]
[Result "0-1"]
[WhiteElo "2143"]
[BlackElo "1543"]
[PlyCount "48"]
[EventDate "2020.03.03"]
[EventType "swiss (blitz)"]
[EventRounds "10"]
[EventCountry "USA"]
[SourceTitle "EXT 2021"]
[Source "ChessBase"]
[SourceDate "2020.10.23"]
[SourceVersion "1"]
[SourceVersionDate "2020.10.23"]
[SourceQuality "1"]

1. d4 Nf6 2. Nf3 e6 3. e3 c5 4. Nbd2 b6 5. Bd3 Bb7 6. 0-0 Be7 7. c3 0-0 8. Re1 d5 9. Ne5 Nc6 10. f4 Nd7 11. Rf1 f5 12. Ndf3 Ncxe5 13. Nxe5 Nxe5 14. fxe5 Bc6 15. Bd2 Be8 16. g4 g6 17. gxf5 gxf5 18. Kh1 Kh8 19. Rg1 Bg6 20. Qf3 Rg8 21. Rg2 c4 22. Bc2 Qe8 23. Rag1 Qf7 24. Qh3 Rg7 0-1

[Event "Titled Tuesday intern op 3rd March"]
[Site "Chess.com INT"]
[Date "2020.03.03"]
[Round "9"]
[White "Nguyen, Thi Thanh An"]
[Black "Komissarov, Alexey"]
[Result "1-0"]
[WhiteElo "2280"]
[BlackElo "2143"]
[PlyCount "57"]
[EventDate "2020.03.03"]
[EventType "swiss (blitz)"]
[EventRounds "10"]
[EventCountry "USA"]
[SourceTitle "EXT 2021"]
[Source "ChessBase"]
[SourceDate "2020.10.23"]
[SourceVersion "1"]
[SourceVersionDate "2020.10.23"]
[SourceQuality "1"]

1. d4 Nf6 2. c4 g6 3. Nc3 Bg7 4. e4 d6 5. Nf3 0-0 6. Be2 Na6 7. 0-0 e5 8. d5 Nc5 9. Qc2 a5 10. b3 Nh5 11. g3 f5 12. Bg5 Qe8 13. Nd2 f4 14. g4 f3 15. gxh5 fxe2 16. Nxe2 Bg4 17. f3 Bxh5 18. Ng3 h6 19. Be3 Bf6 20. Bxh6 Kh7 21. Bxf8 Qxf8 22. Rf2 Bg5 23. Re1 Qh6 24. Ndf1 Rf8 25. Qe2 Bf4 26. Qd1 Qg5 27. Rg2 Qh4 28. Nxh5 Bg5 29. Nhg3 1-0

[Event "Moscow op-A 16th"]
[Site "Moscow"]
[Date "2020.01.31"]
[Round "7"]
[White "Komissarov, Alexey"]
[Black "Shinkarev, Artem"]
[Result "1/2-1/2"]
[WhiteElo "2152"]
[BlackElo "1817"]
[PlyCount "88"]
[EventDate "2020.01.25"]
[EventType "swiss"]
[EventRounds "9"]
[EventCountry "RUS"]
[SourceTitle "CBM 194 Extra"]
[Source "ChessBase"]
[SourceDate "2020.03.31"]
[SourceVersion "1"]
[SourceVersionDate "2020.03.31"]
[SourceQuality "1"]

1. d4 Nf6 2. Nf3 d5 3. e3 c5 4. Nbd2 Nc6 5. c3 e6 6. Bd3 Be7 7. 0-0 0-0 8. dxc5 Bxc5 9. b4 Bd6 10. Bb2 Ne5 11. Nxe5 Bxe5 12. a3 Qe7 13. f4 Bc7 14. c4 e5 15. cxd5 Nxd5 16. Qf3 Nxe3 17. fxe5 Nxf1 18. Rxf1 Qh4 19. Ne4 Qg4 20. Qe3 Bb6 21. Nc5 Bxc5 22. bxc5 Rd8 23. h3 Qh5 24. e6 Bxe6 25. Qg3 Qxc5+ 26. Kh1 Qf8 27. Be4 Bd5 28. Bf5 Rd6 29. Rf4 Rad8 30. Rh4 h6 31. Bxg7 Rg6 32. Bxg6 Qxg7 33. Bxf7+ Kf8 34. Qxg7+ Kxg7 35. Bxd5 Rxd5 36. Rb4 b6 37. Rc4 Kg6 38. Kh2 h5 39. a4 Kg5 40. Rb4 Rd3 41. Rb5+ Kg6 42. a5 bxa5 43. Rxa5 Rd7 44. Kg3 Rd3+ 1/2-1/2